000 00459nam a2200181Ia 4500
001 15577
005 20260306170206.0
008 260306t2012||||xx |||||||||||||| ||und||
041 _aESP
082 _a547
_bP86 T. 2
100 _aPrimo Yúfera, Eduardo
_eAUT
245 0 _aQuímica orgánica básica y aplicada:
_bde la molécula a la industria
260 _c2012
300 _a
_c27 cm.
650 _aGEN
654 _aCCN
942 _cLIB
_dJUS
_fJUS
_2ddc
_n
999 _c15577
_d15577